[Event "Hessenliga 1617"]
[Site "Hessen"]
[Date "2017.04.23"]
[Round "9.5"]
[White "Kopp, Peter"]
[Black "Krahe, Frank"]
[Result "1/2-1/2"]
[WhiteElo "2055"]
[BlackElo "2131"]
[PlyCount "61"]
[EventDate "2016.09.18"]
[EventType "team-tourn"]
[EventRounds "9"]
[EventCountry "GER"]
[SourceTitle "EXT 2018"]
[Source "ChessBase"]
[SourceDate "2017.10.13"]
[SourceVersion "1"]
[SourceVersionDate "2017.10.13"]
[SourceQuality "1"]
[WhiteTeam "Hofheim II"]
[BlackTeam "Dotzheim"]
[WhiteTeamCountry "GER"]
[BlackTeamCountry "GER"]

1. Nf3 d5 2. g3 Nf6 3. Bg2 c5 4. d3 Nc6 5. Nbd2 g6 6. e4 Bg7 7. 0-0 0-0 8. Re1 Qc7 9. c3 Bg4 10. h3 Bxf3 11. Nxf3 dxe4 12. dxe4 Rad8 13. Qc2 Nd7 14. a4 h6 15. Bf1 Nde5 16. Nxe5 Nxe5 17. Kg2 c4 18. Bf4 Qc6 19. Bxe5 Bxe5 20. Rad1 a6 21. f4 Bc7 22. Kh2 b5 23. axb5 axb5 24. Bg2 e6 25. e5 Qc5 26. h4 h5 27. Bf3 Bb6 28. Qe2 Rxd1 29. Rxd1 Rd8 30. Rxd8+ Bxd8 31. Bg2 1/2-1/2

[Event "Bayern-chI Bank Hofmann 20th"]
[Site "Bad Wiessee"]
[Date "2016.11.03"]
[Round "6"]
[White "Meins, Gerlef"]
[Black "Krahe, Frank"]
[Result "1-0"]
[WhiteElo "2414"]
[BlackElo "2131"]
[PlyCount "41"]
[EventDate "2016.10.29"]
[EventType "swiss"]
[EventRounds "9"]
[EventCountry "GER"]
[SourceTitle "CBM 175 Extra"]
[Source "ChessBase"]
[SourceDate "2016.12.12"]
[SourceVersion "1"]
[SourceVersionDate "2016.12.12"]
[SourceQuality "1"]

1. Nf3 b6 2. e4 e6 3. d4 Bb7 4. Bd3 c5 5. 0-0 cxd4 6. Nxd4 Nc6 7. Be3 Nf6 8. Nc3 Qc7 9. Re1 a6 10. Nxc6 Bxc6 11. e5 Qxe5 12. Bxb6 Qf4 13. Be3 Qh4 14. h3 g5 15. Be2 h5 16. Bf3 Rc8 17. Bxc6 Rxc6 18. Bd4 Rd6 19. Bxf6 Rxd1 20. Raxd1 Rg8 21. Re4 1-0

[Event "Hessenliga 1415"]
[Site "Hessen"]
[Date "2015.03.22"]
[Round "8.5"]
[White "Hoehn, Michael"]
[Black "Krahe, Frank"]
[Result "0-1"]
[WhiteElo "2069"]
[BlackElo "2173"]
[PlyCount "102"]
[EventDate "2014.09.28"]
[EventType "team-tourn"]
[EventRounds "9"]
[EventCountry "GER"]
[SourceTitle "EXT 2016"]
[Source "ChessBase"]
[SourceDate "2015.10.08"]
[SourceVersion "1"]
[SourceVersionDate "2015.10.08"]
[SourceQuality "1"]
[WhiteTeam "Offenbach"]
[BlackTeam "Dotzheim"]
[WhiteTeamCountry "GER"]
[BlackTeamCountry "GER"]

1. Nf3 b6 2. g3 Bb7 3. Bg2 c5 4. 0-0 Nf6 5. b3 g6 6. Bb2 Bg7 7. c4 0-0 8. Nc3 Nc6 9. d4 Nxd4 10. Nxd4 Bxg2 11. Kxg2 cxd4 12. Qxd4 Ne8 13. Qd2 Nc7 14. Rad1 d6 15. e4 Qd7 16. f4 f5 17. exf5 Rxf5 18. Kg1 Raf8 19. Qg2 e5 20. Nd5 exf4 21. Bxg7 Qxg7 22. Nxc7 Qxc7 23. Rxf4 Rxf4 24. gxf4 Qc5+ 25. Kh1 Rxf4 26. Qa8+ Rf8 27. Qe4 Qe5 28. Qxe5 dxe5 29. Rd7 Rf7 30. Rd8+ Kg7 31. Re8 Kf6 32. Kg2 Rd7 33. Rf8+ Ke7 34. Rf2 Rd3 35. Kf1 Ke6 36. Ke2 Rh3 37. Kd2 g5 38. b4 Ra3 39. Rf8 Rxa2+ 40. Kd3 Rxh2 41. Re8+ Kf5 42. Rf8+ Kg4 43. c5 bxc5 44. bxc5 Rh1 45. Ke4 Rc1 46. Kd5 h5 47. Ra8 h4 48. Rxa7 h3 49. Ra2 Kg3 50. c6 h2 51. Ra3+ Kh4 0-1

[Event "Hessenliga 1415"]
[Site "Hessen"]
[Date "2014.12.14"]
[Round "4.5"]
[White "Dahlheimer, Bernd"]
[Black "Krahe, Frank"]
[Result "1-0"]
[WhiteElo "2224"]
[BlackElo "2173"]
[PlyCount "81"]
[EventDate "2014.09.28"]
[EventType "team-tourn"]
[EventRounds "9"]
[EventCountry "GER"]
[SourceTitle "EXT 2016"]
[Source "ChessBase"]
[SourceDate "2015.10.08"]
[SourceVersion "1"]
[SourceVersionDate "2015.10.08"]
[SourceQuality "1"]
[WhiteTeam "Dettingen"]
[BlackTeam "Dotzheim"]
[WhiteTeamCountry "GER"]
[BlackTeamCountry "GER"]

1. d4 d5 2. c4 e6 3. Nc3 Be7 4. Nf3 Nf6 5. g3 c5 6. cxd5 exd5 7. Bg2 Nc6 8. 0-0 0-0 9. Bg5 c4 10. Ne5 Be6 11. e3 Nd7 12. Nxc6 bxc6 13. Bxe7 Qxe7 14. b3 cxb3 15. axb3 Rfc8 16. Qd3 f5 17. Rfc1 Nf6 18. Ra6 Ne4 19. Na4 Bd7 20. Nc5 Be8 21. b4 Nd6 22. Rca1 Rc7 23. b5 Nxb5 24. Qxf5 Kh8 25. Qe6 Qf8 26. Qg4 Nd6 27. Qe2 Qf6 28. Nd3 Ne4 29. Nf4 Qe7 30. Rc1 Rb8 31. Qc2 Rcb7 32. Ra2 Nd6 33. Qc5 Rb6 34. h4 R8b7 35. Bf1 Qf6 36. Rxa7 Ne4 37. Qa5 Rb8 38. Ra8 Qd8 39. Rxb8 Qxb8 40. Ra1 Bd7 41. Qxb6 1-0

[Event "Hessenliga 1314"]
[Site "Germany"]
[Date "2014.04.27"]
[Round "9.5"]
[White "Krahe, Frank"]
[Black "Reisch, Stefan"]
[Result "1-0"]
[WhiteElo "2192"]
[BlackElo "2187"]
[PlyCount "118"]
[EventDate "2013.09.29"]
[EventType "team-tourn"]
[EventRounds "9"]
[EventCountry "GER"]
[SourceTitle "EXT 2015"]
[Source "ChessBase"]
[SourceDate "2014.11.20"]
[SourceVersion "1"]
[SourceVersionDate "2014.11.20"]
[SourceQuality "1"]
[WhiteTeam "Dotzheim"]
[BlackTeam "Langen"]
[WhiteTeamCountry "GER"]
[BlackTeamCountry "GER"]

1. e4 c5 2. Nf3 d6 3. d4 cxd4 4. Nxd4 Nf6 5. Nc3 e6 6. Bc4 Qc7 7. Bb3 a6 8. 0-0 Nc6 9. Be3 Be7 10. f4 Na5 11. Qf3 Bd7 12. Qg3 g6 13. e5 Nh5 14. Qf2 Nxb3 15. axb3 0-0 16. g4 Ng7 17. f5 f6 18. exd6 Bxd6 19. fxe6 Bc6 20. Rae1 Rae8 21. Bf4 Be5 22. Nxc6 Bxf4 23. e7 Rf7 24. Qxf4 Qxc6 25. Qc4 Qxc4 26. bxc4 Rfxe7 27. Rxe7 Rxe7 28. Nd5 Re2 29. Nxf6+ Kh8 30. Rd1 Ne6 31. Rd7 Nf8 32. Rf7 g5 33. Rxb7 Rxc2 34. b3 Rc3 35. Kg2 h6 36. h3 a5 37. Kh2 a4 38. bxa4 Rxc4 39. a5 Ra4 40. Ra7 Rf4 41. Rf7 Ra4 42. Rxf8+ Kg7 43. Nd7 Rxa5 44. Rf3 Rb5 45. Nf6 Rb6 46. Nh5+ Kg6 47. Ng3 Rb4 48. Nf5 h5 49. Kg3 hxg4 50. hxg4 Ra4 51. Rd3 Rb4 52. Rd6+ Kf7 53. Kf3 Rf4+ 54. Kg3 Rb4 55. Ne3 Rf4 56. Rc6 Kg7 57. Rc4 Rf8 58. Rc5 Kg6 59. Rc6+ Kh7 1-0

[Event "Hessenliga 1213"]
[Site "Germany"]
[Date "2013.01.27"]
[Round "5.4"]
[White "Krahe, Frank"]
[Black "Benninger, Rudolf"]
[Result "1-0"]
[WhiteElo "2192"]
[BlackElo "2108"]
[PlyCount "66"]
[EventDate "2012.09.16"]
[EventType "team-tourn"]
[EventRounds "9"]
[EventCountry "GER"]
[SourceTitle "EXT 2014"]
[Source "ChessBase"]
[SourceDate "2013.11.20"]
[SourceVersion "1"]
[SourceVersionDate "2013.11.20"]
[SourceQuality "1"]
[WhiteTeam "Dotzheim"]
[BlackTeam "Heusenstamm"]
[WhiteTeamCountry "GER"]
[BlackTeamCountry "GER"]

1. e4 g6 2. d4 Bg7 3. c3 c6 4. Bd3 d5 5. Nd2 Nh6 6. Ngf3 0-0 7. 0-0 Bg4 8. Re1 e6 9. h3 Bxf3 10. Nxf3 dxe4 11. Bxe4 Nd7 12. Bg5 Nf6 13. Qd2 Nxe4 14. Rxe4 Qd5 15. Rae1 Nf5 16. b3 Rfe8 17. Bf4 Rad8 18. Bc7 Rc8 19. Be5 Qa5 20. Bxg7 Kxg7 21. Ne5 Rcd8 22. Nc4 Qc7 23. b4 h5 24. Ne5 Qe7 25. Qe2 Rh8 26. g3 Qg5 27. h4 Qe7 28. Qd2 c5 29. bxc5 Qxc5 30. Nxf7 Kxf7 31. Rxe6 Qd5 32. Qg5 Rh6 33. Qf6+ Kg8 1-0

[Event "Hessenliga 1112"]
[Site "Germany"]
[Date "2012.05.13"]
[Round "9.5"]
[White "Krahe, Frank"]
[Black "Graf, Gerd"]
[Result "1/2-1/2"]
[WhiteElo "2178"]
[BlackElo "2209"]
[PlyCount "29"]
[EventDate "2011.09.25"]
[EventType "team-tourn"]
[EventRounds "9"]
[EventCountry "GER"]
[SourceTitle "EXT 2013"]
[Source "ChessBase"]
[SourceDate "2012.11.22"]
[SourceVersion "1"]
[SourceVersionDate "2012.11.22"]
[SourceQuality "1"]
[WhiteTeam "Dotzheim"]
[BlackTeam "Nied"]
[WhiteTeamCountry "GER"]
[BlackTeamCountry "GER"]

1. d4 g6 2. e4 Bg7 3. Nf3 d6 4. Bc4 a6 5. 0-0 e6 6. Bg5 Ne7 7. Nbd2 Nd7 8. c3 h6 9. Bh4 0-0 10. Qe2 b6 11. Rad1 Bb7 12. e5 d5 13. Bd3 Qe8 14. Bxe7 Qxe7 15. a3 1/2-1/2

[Event "Hessenliga 1112"]
[Site "Germany"]
[Date "2012.04.29"]
[Round "8.5"]
[White "Schmidt, Arndt"]
[Black "Krahe, Frank"]
[Result "0-1"]
[WhiteElo "2132"]
[BlackElo "2178"]
[PlyCount "104"]
[EventDate "2011.09.25"]
[EventType "team-tourn"]
[EventRounds "9"]
[EventCountry "GER"]
[SourceTitle "EXT 2013"]
[Source "ChessBase"]
[SourceDate "2012.11.22"]
[SourceVersion "1"]
[SourceVersionDate "2012.11.22"]
[SourceQuality "1"]
[WhiteTeam "Marburg"]
[BlackTeam "Dotzheim"]
[WhiteTeamCountry "GER"]
[BlackTeamCountry "GER"]

1. Nf3 c5 2. c4 Nc6 3. d4 cxd4 4. Nxd4 Qb6 5. Nb3 e6 6. Nc3 Bb4 7. Bd2 Nf6 8. e3 d5 9. cxd5 exd5 10. Be2 0-0 11. 0-0 Qd8 12. a3 Bd6 13. Nb5 Bb8 14. N5d4 Qd6 15. g3 Bh3 16. Re1 Ne4 17. Nf3 Qf6 18. Bc3 Ne5 19. Bxe5 Bxe5 20. Nbd4 Rac8 21. Qd3 h5 22. Bf1 Bxd4 23. exd4 Bg4 24. Bg2 Rc4 25. Rxe4 dxe4 26. Qxc4 Rc8 27. Qxc8+ Bxc8 28. Ne5 Qb6 29. Rd1 Qxb2 30. Nc4 Qb3 31. Ne3 Bg4 32. Rf1 Bf3 33. Bh3 g6 34. Rc1 Qxa3 35. Rc8+ Kg7 36. Bf1 Qa1 37. d5 Be2 38. Kg2 Bxf1+ 39. Nxf1 Qd4 40. Ne3 a5 41. Rc1 b5 42. Rd1 Qa7 43. d6 Qd7 44. h4 f5 45. Rd2 Kf7 46. Nc2 Ke8 47. Rd5 Qc6 48. d7+ Kd8 49. Ne3 a4 50. Rd2 b4 51. Rd4 b3 52. Nc4 Qc5 0-1

[Event "Hessenliga 1112"]
[Site "Germany"]
[Date "2012.02.12"]
[Round "6.5"]
[White "Merkle, Egon"]
[Black "Krahe, Frank"]
[Result "1/2-1/2"]
[WhiteElo "2160"]
[BlackElo "2178"]
[PlyCount "34"]
[EventDate "2011.09.25"]
[EventType "team-tourn"]
[EventRounds "9"]
[EventCountry "GER"]
[SourceTitle "EXT 2013"]
[Source "ChessBase"]
[SourceDate "2012.11.22"]
[SourceVersion "1"]
[SourceVersionDate "2012.11.22"]
[SourceQuality "1"]
[WhiteTeam "Bad Homburg"]
[BlackTeam "Dotzheim"]
[WhiteTeamCountry "GER"]
[BlackTeamCountry "GER"]

1. c4 e5 2. Nc3 Nf6 3. Nf3 Nc6 4. g3 Bb4 5. Bg2 0-0 6. 0-0 Re8 7. d3 h6 8. Bd2 Nd4 9. a3 Bf8 10. e4 Nxf3+ 11. Bxf3 c6 12. Be3 d6 13. d4 Bh3 14. Bg2 Bxg2 15. Kxg2 exd4 16. Qxd4 Ng4 17. Rad1 Nxe3+ 1/2-1/2

[Event "Hessenliga 1011"]
[Site "Germany"]
[Date "2011.02.13"]
[Round "6.5"]
[White "Beha, Alfred"]
[Black "Krahe, Frank"]
[Result "0-1"]
[WhiteElo "2158"]
[BlackElo "2178"]
[PlyCount "86"]
[EventDate "2010.09.26"]
[EventType "team-tourn"]
[EventRounds "9"]
[EventCountry "GER"]
[SourceTitle "EXT 2012"]
[Source "ChessBase"]
[SourceDate "2011.11.24"]
[SourceVersion "1"]
[SourceVersionDate "2011.11.24"]
[SourceQuality "1"]
[WhiteTeam "Frankfurt BvK II"]
[BlackTeam "Dotzheim"]
[WhiteTeamCountry "GER"]
[BlackTeamCountry "GER"]

1. c4 e5 2. g3 Nc6 3. Bg2 g6 4. Nc3 Bg7 5. e4 d6 6. d3 Nd4 7. Nce2 Ne7 8. Nxd4 exd4 9. Ne2 c6 10. 0-0 0-0 11. Bd2 a5 12. a3 d5 13. cxd5 cxd5 14. Bg5 dxe4 15. Bxe4 h6 16. Bxe7 Qxe7 17. Nf4 Bd7 18. Re1 Qd6 19. Qb3 a4 20. Qd5 Qxd5 21. Nxd5 Ra5 22. Rac1 Rb5 23. Rc7 Be6 24. Nb4 Rb8 25. Bxg6 Be5 26. Rxe5 Rxe5 27. Be4 Rd8 28. f4 Rxe4 29. dxe4 d3 30. Nxd3 Rxd3 31. Rc2 Re3 32. e5 h5 33. Kf2 Rb3 34. Ke1 b5 35. Rf2 Bf5 36. Rd2 Rd3 37. Rxd3 Bxd3 38. h3 Bf5 39. g4 hxg4 40. hxg4 Bxg4 41. Kd2 Kg7 42. Kc3 Kg6 43. Kb4 Be2 0-1

[Event "Hessenliga 1011"]
[Site "Germany"]
[Date "2010.12.12"]
[Round "4.5"]
[White "Rapoport, Vladimir"]
[Black "Krahe, Frank"]
[Result "0-1"]
[WhiteElo "2303"]
[BlackElo "2178"]
[PlyCount "78"]
[EventDate "2010.09.26"]
[EventType "team-tourn"]
[EventRounds "9"]
[EventCountry "GER"]
[SourceTitle "EXT 2012"]
[Source "ChessBase"]
[SourceDate "2011.11.24"]
[SourceVersion "1"]
[SourceVersionDate "2011.11.24"]
[SourceQuality "1"]
[WhiteTeam "Heusenstamm"]
[BlackTeam "Dotzheim"]
[WhiteTeamCountry "GER"]
[BlackTeamCountry "GER"]

1. Nf3 d5 2. g3 c5 3. Bg2 Nc6 4. d3 e6 5. 0-0 Bd6 6. e4 Nge7 7. Nc3 0-0 8. Re1 d4 9. Ne2 e5 10. h3 f6 11. g4 Kh8 12. Nh4 g6 13. Ng3 Ng8 14. Nf3 h6 15. Bd2 Be6 16. c4 Qd7 17. Qe2 Rab8 18. Nh2 b5 19. cxb5 Rxb5 20. b3 a5 21. h4 a4 22. bxa4 Rb2 23. h5 c4 24. dxc4 Bb4 25. Red1 g5 26. Nf5 Na5 27. Nf1 Nxc4 28. Qd3 Qxa4 29. Bxb4 Rxb4 30. Rdc1 Rfb8 31. Bf3 Nb2 32. Qc2 Qa3 33. Nd2 Nd3 34. Rcb1 Rb2 35. Qd1 Bxf5 36. gxf5 Nxf2 37. Rxb2 Nxd1 38. Rxb8 Qe3+ 39. Kh1 Qe1+ 0-1

[Event "Hessenliga 1011"]
[Site "Germany"]
[Date "2010.11.28"]
[Round "3.5"]
[White "Merkle, Egon"]
[Black "Krahe, Frank"]
[Result "1/2-1/2"]
[WhiteElo "2160"]
[BlackElo "2178"]
[PlyCount "26"]
[EventDate "2010.09.26"]
[EventType "team-tourn"]
[EventRounds "9"]
[EventCountry "GER"]
[SourceTitle "EXT 2012"]
[Source "ChessBase"]
[SourceDate "2011.11.24"]
[SourceVersion "1"]
[SourceVersionDate "2011.11.24"]
[SourceQuality "1"]
[WhiteTeam "Bad Homburg"]
[BlackTeam "Dotzheim"]
[WhiteTeamCountry "GER"]
[BlackTeamCountry "GER"]

1. e4 e5 2. Nf3 Nc6 3. Bb5 a6 4. Bxc6 dxc6 5. Nc3 f6 6. d4 exd4 7. Qxd4 Qxd4 8. Nxd4 Bd6 9. Nde2 Ne7 10. Bf4 Be6 11. Bxd6 cxd6 12. Nf4 Bf7 13. 0-0-0 0-0-0 1/2-1/2

[Event "Hessenliga 0910"]
[Site "Germany"]
[Date "2009.11.29"]
[Round "4.8"]
[White "Heymann, Anna Luise"]
[Black "Krahe, Frank"]
[Result "0-1"]
[WhiteElo "2085"]
[BlackElo "2180"]
[PlyCount "112"]
[EventDate "2009.09.20"]
[EventType "team-tourn"]
[EventRounds "9"]
[EventCountry "GER"]
[SourceTitle "EXT 2011"]
[Source "ChessBase"]
[SourceDate "2010.11.26"]
[SourceVersion "1"]
[SourceVersionDate "2010.11.26"]
[SourceQuality "1"]
[WhiteTeam "Hofheim II"]
[BlackTeam "Dotzheim"]
[WhiteTeamCountry "GER"]
[BlackTeamCountry "GER"]

1. e4 c5 2. Nf3 Nc6 3. d4 cxd4 4. Nxd4 Qb6 5. Nb3 Nf6 6. Nc3 e6 7. Be3 Qc7 8. a3 d6 9. Be2 Be7 10. 0-0 0-0 11. f4 a6 12. Qe1 Rd8 13. Qf2 Nd7 14. f5 Nce5 15. fxe6 fxe6 16. Nd4 Nf6 17. Qg3 Kh8 18. Rad1 Nc4 19. Bc1 Bd7 20. Nf3 Nxb2 21. Bxb2 Qb6+ 22. Rf2 Qxb2 23. Ng5 Rf8 24. Qd3 Rac8 25. Rf3 h6 26. e5 Rxc3 27. Qxc3 Qxc3 28. Rxc3 Nd5 29. Rxd5 exd5 30. e6 Bc6 31. Nf7+ Kg8 32. Rg3 Rxf7 33. exf7+ Kxf7 34. Bh5+ Kf8 35. Rd3 Bf6 36. Kf2 d4 37. Bf3 d5 38. Rb3 Ke7 39. Bg4 Kd6 40. Bf5 Be5 41. g3 a5 42. Ke2 Bf6 43. Bg6 Kc5 44. Bf5 b6 45. Bg6 Bb5+ 46. Kd1 Bc4 47. Rf3 b5 48. Be8 b4 49. Bd7 d3 50. axb4+ Kxb4 51. cxd3 Bb3+ 52. Kc1 a4 53. Kb1 a3 54. Rxf6 gxf6 55. Bf5 Kc3 56. Bg6 d4 0-1

[Event "Hessenliga 0809"]
[Site "Germany"]
[Date "2009.03.08"]
[Round "9.5"]
[White "Krahe, Frank"]
[Black "Fischer, Roger"]
[Result "0-1"]
[WhiteElo "2230"]
[BlackElo "2130"]
[PlyCount "86"]
[EventDate "2008.09.14"]
[EventType "team-tourn"]
[EventRounds "9"]
[EventCountry "GER"]
[SourceTitle "EXT 2011"]
[Source "ChessBase"]
[SourceDate "2010.11.26"]
[SourceVersion "1"]
[SourceVersionDate "2010.11.26"]
[SourceQuality "1"]
[WhiteTeam "Dotzheim"]
[BlackTeam "Eppstein"]
[WhiteTeamCountry "GER"]
[BlackTeamCountry "GER"]

1. e4 d6 2. d4 Nf6 3. Nc3 e5 4. Nf3 Nbd7 5. g3 g6 6. Bg2 Bg7 7. 0-0 0-0 8. Re1 Re8 9. h3 c6 10. a4 a5 11. b3 exd4 12. Nxd4 Nc5 13. Bb2 Bd7 14. Qd2 Qb6 15. Rad1 Rad8 16. g4 Bc8 17. Kh1 Re7 18. f3 Nfd7 19. Qc1 Nf8 20. f4 d5 21. e5 Nfe6 22. Nce2 Nc7 23. Qe3 N5a6 24. Qg3 c5 25. Nf3 d4 26. Nc3 Nb4 27. Re2 Ncd5 28. Ne4 Ne3 29. Nf6+ Bxf6 30. exf6 Qxf6 31. g5 Qe6 32. Rde1 Rde8 33. Kh2 Qd6 34. Ne5 Nbxc2 35. Be4 Nxe1 36. Rxe1 Rxe5 37. fxe5 Qxe5 38. Qxe5 Rxe5 39. Rxe3 Bf5 40. Bxf5 Rxe3 41. Bg4 Rxb3 42. Bc1 d3 43. Kg2 d2 0-1

[Event "Bayern-chI Bank Hofmann 12th"]
[Site "Bad Wiessee"]
[Date "2008.11.09"]
[Round "9"]
[White "Krahe, Frank"]
[Black "Hoennekes, Klaus"]
[Result "1/2-1/2"]
[WhiteElo "2230"]
[BlackElo "2148"]
[PlyCount "40"]
[EventDate "2008.11.01"]
[EventType "swiss"]
[EventRounds "9"]
[EventCountry "GER"]
[SourceTitle "EXT 2009"]
[Source "ChessBase"]
[SourceDate "2008.11.26"]
[SourceVersion "1"]
[SourceVersionDate "2008.11.26"]
[SourceQuality "1"]

1. e4 e6 2. d4 d5 3. e5 c5 4. c3 Nc6 5. Nf3 Qb6 6. Bd3 Bd7 7. dxc5 Bxc5 8. 0-0 Qc7 9. Qe2 h6 10. h4 Nge7 11. b4 Bb6 12. a4 a5 13. b5 Nd8 14. Ba3 Bc5 15. Nbd2 b6 16. c4 Nb7 17. Bb2 0-0-0 18. Rac1 Kb8 19. g3 f5 20. exf6 Qxg3+ 1/2-1/2

[Event "Hessenliga 0809"]
[Site "Germany"]
[Date "2008.09.28"]
[Round "2.5"]
[White "Krahe, Frank"]
[Black "Stelzer, Harald"]
[Result "0-1"]
[WhiteElo "2230"]
[BlackElo "2228"]
[PlyCount "96"]
[EventDate "2008.09.14"]
[EventType "team-tourn"]
[EventRounds "9"]
[EventCountry "GER"]
[SourceTitle "EXT 2011"]
[Source "ChessBase"]
[SourceDate "2010.11.26"]
[SourceVersion "1"]
[SourceVersionDate "2010.11.26"]
[SourceQuality "1"]
[WhiteTeam "Dotzheim"]
[BlackTeam "Bensheim"]
[WhiteTeamCountry "GER"]
[BlackTeamCountry "GER"]

1. e4 c5 2. Nf3 d6 3. d4 cxd4 4. Nxd4 Nf6 5. Nc3 e6 6. g3 a6 7. Bg2 Qc7 8. 0-0 Be7 9. Re1 Bd7 10. a4 Nc6 11. Nb3 Rc8 12. a5 Ne5 13. h3 0-0 14. g4 Rfd8 15. g5 Ne8 16. f4 Nc4 17. Qf3 Bc6 18. Qe2 b5 19. axb6 Qxb6+ 20. Kh1 Bb7 21. Ra4 Qc7 22. Nd2 Nb6 23. Ra1 d5 24. e5 g6 25. Qf2 Bc5 26. Qf3 Ng7 27. Nf1 Nf5 28. Qg4 Nc4 29. Re2 Bd4 30. Nd1 Qb6 31. c3 Bc5 32. b4 Bf8 33. Be3 Ncxe3 34. Nfxe3 d4 35. cxd4 Qxd4 36. Rb1 Be4 37. Rbb2 Bxb4 38. Kh2 a5 39. Bxe4 Qxe4 40. Nf2 Qd4 41. Ng2 Rc1 42. Ra2 Rdc8 43. Ne1 Bxe1 44. Ne4 Bg3+ 45. Qxg3 Nxg3 46. Kxg3 R8c3+ 47. Kh4 Qd3 48. Nf6+ Kg7 0-1

[Event "Oberliga Ost-B 0708"]
[Site "Germany"]
[Date "2008.01.20"]
[Round "7.7"]
[White "Krahe, Frank"]
[Black "Weiss, Matthias"]
[Result "1/2-1/2"]
[WhiteElo "2232"]
[BlackElo "2046"]
[PlyCount "44"]
[EventDate "2007.10.07"]
[EventType "team-tourn"]
[EventRounds "11"]
[EventCountry "GER"]
[SourceTitle "EXT 2009"]
[Source "ChessBase"]
[SourceDate "2008.11.26"]
[SourceVersion "1"]
[SourceVersionDate "2008.11.26"]
[SourceQuality "1"]
[WhiteTeam "Dotzheim"]
[BlackTeam "Schoeneck II"]
[WhiteTeamCountry "GER"]
[BlackTeamCountry "GER"]

1. e4 c5 2. Nf3 e6 3. d4 cxd4 4. Nxd4 Nf6 5. Nc3 Nc6 6. Ndb5 Bb4 7. a3 Bxc3+ 8. Nxc3 d5 9. exd5 exd5 10. Bd3 0-0 11. 0-0 d4 12. Ne2 Qd5 13. c4 Qa5 14. b4 Qh5 15. b5 Ne5 16. Nxd4 Nxd3 17. Qxd3 Rd8 18. h3 b6 19. Bb2 Bb7 20. Qf5 Rac8 21. Rfd1 Qg6 22. Qxg6 hxg6 1/2-1/2

[Event "Oberliga Ost-B 0708"]
[Site "Germany"]
[Date "2008.01.19"]
[Round "6.6"]
[White "Krahe, Frank"]
[Black "Eckhardt, Thorsten"]
[Result "1-0"]
[WhiteElo "2232"]
[BlackElo "2180"]
[PlyCount "29"]
[EventDate "2007.10.07"]
[EventType "team-tourn"]
[EventRounds "11"]
[EventCountry "GER"]
[SourceTitle "EXT 2009"]
[Source "ChessBase"]
[SourceDate "2008.11.26"]
[SourceVersion "1"]
[SourceVersionDate "2008.11.26"]
[SourceQuality "1"]
[WhiteTeam "Dotzheim"]
[BlackTeam "Hungen Lich"]
[WhiteTeamCountry "GER"]
[BlackTeamCountry "GER"]

1. e4 e6 2. d4 d5 3. Nc3 Nf6 4. Bg5 Be7 5. e5 Nfd7 6. h4 c5 7. Nb5 f6 8. Bd3 cxd4 9. Qh5+ Kf8 10. Rh3 Nxe5 11. Bd2 Nxd3+ 12. cxd3 Nc6 13. Nf3 Qb6 14. Rg3 Qxb5 15. Rxg7 1-0

[Event "Oberliga Ost-B 0708"]
[Site "Germany"]
[Date "2007.11.25"]
[Round "4.7"]
[White "Sohl, Jan"]
[Black "Krahe, Frank"]
[Result "1-0"]
[WhiteElo "2140"]
[BlackElo "2232"]
[PlyCount "51"]
[EventDate "2007.10.07"]
[EventType "team-tourn"]
[EventRounds "11"]
[EventCountry "GER"]
[SourceTitle "EXT 2009"]
[Source "ChessBase"]
[SourceDate "2008.11.26"]
[SourceVersion "1"]
[SourceVersionDate "2008.11.26"]
[SourceQuality "1"]
[WhiteTeam "Oberursel"]
[BlackTeam "Dotzheim"]
[WhiteTeamCountry "GER"]
[BlackTeamCountry "GER"]

1. e4 e5 2. Nf3 Nc6 3. Bb5 a6 4. Ba4 Nf6 5. 0-0 Nxe4 6. d4 Be7 7. Re1 b5 8. Rxe4 d5 9. Nxe5 Nxe5 10. Rxe5 bxa4 11. Qe2 Be6 12. f4 g6 13. Nc3 c6 14. Nxa4 Bf6 15. f5 gxf5 16. Nc5 0-0 17. Bh6 Re8 18. Re1 Ra7 19. c3 Rae7 20. Qxa6 Qa8 21. R5e3 Ra7 22. Qe2 Rxa2 23. Nxe6 fxe6 24. Rxe6 Rf8 25. Bxf8 Qxf8 26. Re8 1-0

[Event "Bayern-chI Bank Hofmann 11th"]
[Site "Bad Wiessee"]
[Date "2007.11.18"]
[Round "9"]
[White "Cordts, Ingo"]
[Black "Krahe, Frank"]
[Result "1-0"]
[WhiteElo "2338"]
[BlackElo "2232"]
[PlyCount "75"]
[EventDate "2007.11.10"]
[EventType "swiss"]
[EventRounds "9"]
[EventCountry "GER"]
[SourceTitle "CBM 121 Extra"]
[Source "ChessBase"]
[SourceDate "2008.01.10"]
[SourceVersion "1"]
[SourceVersionDate "2008.01.10"]
[SourceQuality "1"]

1. e4 e5 2. Nf3 Nc6 3. Bb5 a6 4. Bxc6 dxc6 5. 0-0 Bg4 6. h3 h5 7. d3 Qf6 8. Be3 Bxf3 9. Qxf3 Qxf3 10. gxf3 Bd6 11. Nd2 Ne7 12. Nc4 0-0-0 13. f4 exf4 14. Nxd6+ cxd6 15. Bxf4 g5 16. Be3 f5 17. Bxg5 Rhg8 18. f4 Rde8 19. Kf2 d5 20. Bxe7 Rxe7 21. exf5 Reg7 22. Rg1 Rxg1 23. Rxg1 Rxg1 24. Kxg1 Kd7 25. Kf2 Ke7 26. Kg3 Kf6 27. Kh4 Kxf5 28. Kxh5 d4 29. b4 b6 30. Kh6 c5 31. bxc5 bxc5 32. Kg7 Kxf4 33. Kf6 Ke3 34. Ke5 Kd2 35. Kd5 Kxc2 36. Kc4 a5 37. a4 Kb2 38. h4 1-0

[Event "Oberliga Ost-B 0708"]
[Site "Germany"]
[Date "2007.11.04"]
[Round "3.7"]
[White "Krahe, Frank"]
[Black "Kettler, Bernhard"]
[Result "1-0"]
[WhiteElo "2232"]
[BlackElo "2249"]
[PlyCount "55"]
[EventDate "2007.10.07"]
[EventType "team-tourn"]
[EventRounds "11"]
[EventCountry "GER"]
[SourceTitle "EXT 2009"]
[Source "ChessBase"]
[SourceDate "2008.11.26"]
[SourceVersion "1"]
[SourceVersionDate "2008.11.26"]
[SourceQuality "1"]
[WhiteTeam "Dotzheim"]
[BlackTeam "Frankfurt BvK"]
[WhiteTeamCountry "GER"]
[BlackTeamCountry "GER"]

1. e4 c5 2. b3 Nf6 3. e5 Nd5 4. Bb2 Nc6 5. Qf3 e6 6. Bc4 Ndb4 7. Na3 a6 8. Ne2 b5 9. c3 bxc4 10. cxb4 Bb7 11. Nxc4 Na5 12. Qg3 Nxc4 13. bxc4 Qb6 14. 0-0 Qxb4 15. Rab1 Qxc4 16. d3 Qd5 17. Nc3 Qc6 18. Ne4 h5 19. Bc3 Rc8 20. Rxb7 Qxb7 21. Nd6+ Bxd6 22. Qxg7 Bf8 23. Qxh8 c4 24. dxc4 Rxc4 25. Bd2 Rg4 26. g3 Rg6 27. Rc1 h4 28. Bb4 1-0